000 00749nam a22002177a 4500
999 _c606
_d606
003 AR-CdUCM
008 190225b ||||| |||| 00| 0 esp d
040 _aMUNICIPALIDAD PROVINCIAL DEL CUSCO
_cBIBLIOTECA MUNICIPAL DEL CUSCO
082 _a335.401 /
_bM26
100 _aPrenant, Marcel
_92355
245 _aBiología y marxismo :
_cMarcel Prenant.
260 _aBuenos Aires :
_bEdit. Problemas,
_c[1942]
300 _a248, [3] p. ;
_c23 cm.
500 _aGlosario: p. [241]- 248.
505 _aTransformismo y dialéctica -- Lógica de la contradicción -- Materia cromosomica -- Lucha de clases...
650 _aPsiquismo.
_92356
650 _aEpigenesis.
_92357
650 _aLógica.
_92358
942 _2ddc
_cLIBROS
945 _aacrt
_d2019-02-25